Meyers Neues Handlexikon

Na minha lista:
Detalhes bibliográficos
Formato: Livro
Idioma:alemão
Publicado em: Leipzig WEB Bibliographisches Institut 1971
Tags: Adicionar Tag
Sem tags, seja o primeiro a adicionar uma tag!

MARC

LEADER 00000nam a2200000 4500
001 c121442
005 20221207065859.0
041 0 |a ger 
044 |a DE 
245 1 0 |a Meyers Neues Handlexikon 
264 1 |a Leipzig  |b WEB Bibliographisches Institut  |c 1971 
300 |a 587 s.